[Event "World Rapid 2025"]
[Site "Doha QAT"]
[Date "2025.12.27"]
[Round "7.51"]
[White "Aronian, Levon"]
[Black "Vetokhin, Savva"]
[Result "0-1"]
[WhiteTitle "GM"]
[BlackTitle "GM"]
[WhiteElo "2729"]
[BlackElo "2572"]
[WhiteFideId "13300474"]
[BlackFideId "44144474"]
[EventDate "2025.12.26"]

1. d4 Nf6 2. c4 e6 3. Nc3 Bb4 4. e3 O-O 5. a3 Bxc3+ 6. bxc3 c5 7. Bd3 Nc6 8. Ne2
b6 9. e4 Ne8 10. O-O Ba6 11. f4 f5 12. exf5 exf5 13. dxc5 bxc5 14. Be3 d6 15.
Ng3 g6 16. Re1 Nf6 17. Bf2 Qd7 18. Nf1 Bb7 19. Ne3 Ne7 20. Bh4 Rae8 21. Ra2 Ne4
22. Rb2 Bc6 23. Bxe4 Bxe4 24. h3 Kg7 25. Kh2 Nc8 26. a4 Re6 27. a5 Bc6 28. Nd5
Rxe1 29. Qxe1 Re8 30. Bf6+ Kg8 31. Qh4 a6 32. Rb8 Bxd5 33. cxd5 Qc7 34. Rb2 Re4
35. Qh6 Qf7 36. Qh4 Qxd5 37. c4 Qf7 38. Rb8 Re8 39. Ba1 Qxc4 40. Qg3 Qe4 41. h4
Qe7 42. h5 Kf7 43. Qh3 Qe6 44. hxg6+ Qxg6 45. Qb3+ Qe6 46. Qh3 Qg6 47. Rb3 Re6
48. Qc3 Qh5+ 49. Qh3 Qxh3+ 50. Rxh3 h6 51. Rb3 Ne7 52. Rb7 d5 53. Be5 d4 54. Kg3
Rc6 55. Kf3 Ke6 56. g4 fxg4+ 57. Kxg4 d3 58. Kf3 c4 59. Ke3 Nf5+ 60. Kd2 Kd5 61.
Kc3 h5 62. Rf7 Ke4 63. Rh7 Ne3 64. Rxh5 Nd5+ 65. Kd2 c3+ 66. Bxc3 Nxc3 0-1

[Event "World Rapid 2025"]
[Site "Doha QAT"]
[Date "2025.12.27"]
[Round "7.52"]
[White "Keymer, Vincent"]
[Black "Oro, Faustino"]
[Result "1/2-1/2"]
[WhiteTitle "GM"]
[BlackTitle "IM"]
[WhiteElo "2776"]
[BlackElo "2503"]
[WhiteFideId "12940690"]
[BlackFideId "20000197"]
[EventDate "2025.12.26"]

1. Nf3 Nf6 2. c4 e6 3. b3 d5 4. Bb2 b6 5. g3 Bb7 6. Bg2 Bd6 7. cxd5 exd5 8. O-O
O-O 9. Nc3 a6 10. Rc1 Nbd7 11. e3 Re8 12. Re1 h6 13. Re2 Rc8 14. d3 b5 15. d4
Ne4 16. Rec2 Ndf6 17. a4 Qe7 18. axb5 Nxc3 19. Bxc3 axb5 20. Ba5 c6 21. Ne1 Ra8
22. Bd2 Ra3 23. Rb1 Rea8 24. Nd3 Ne4 25. Be1 Ra2 26. Rxa2 Rxa2 27. Ra1 Rxa1 28.
Qxa1 Bc8 29. Qa8 Qb7 30. Qxb7 Bxb7 31. f3 Ng5 32. Bb4 Bxb4 33. Nxb4 Kf8 34. Nd3
Ke7 35. h4 Ne6 36. Bh3 Nd8 37. Kf2 Kd6 38. h5 Kc7 39. Bf5 Bc8 40. g4 Be6 41. Nc5
Kd6 42. Kg3 Ke7 43. e4 f6 44. Bxe6 Nxe6 45. Nxe6 Kxe6 46. Kf4 b4 47. Ke3 Kd6 48.
f4 Ke6 49. e5 fxe5 50. fxe5 Ke7 51. Kf3 Kf7 52. Kg3 Ke7 53. Kf2 Ke6 54. Ke2 Ke7
55. Ke3 Kf7 56. Kf3 Ke7 57. Kg3 Kf7 58. Kg2 Ke7 59. Kf2 Kf7 60. Ke2 Ke7 61. Ke3
Kf7 62. Kf4 Ke6 63. Kf3 Ke7 64. Ke3 Kf7 65. Kf3 Ke7 1/2-1/2

[Event "World Rapid 2025"]
[Site "Doha QAT"]
[Date "2025.12.27"]
[Round "7.53"]
[White "Materia, Marco"]
[Black "Grandelius, Nils"]
[Result "0-1"]
[WhiteTitle "IM"]
[BlackTitle "GM"]
[WhiteElo "2497"]
[BlackElo "2664"]
[WhiteFideId "45150451"]
[BlackFideId "1710400"]
[EventDate "2025.12.26"]

1. d4 d5 2. c4 e6 3. Nf3 a6 4. cxd5 exd5 5. Nc3 c6 6. Bf4 Bd6 7. Bxd6 Qxd6 8. e3
Ne7 9. Be2 O-O 10. O-O Bg4 11. Ne5 Bxe2 12. Qxe2 Nd7 13. Nd3 Nf5 14. Qf3 g6 15.
a4 a5 16. Rfb1 Qe7 17. b4 axb4 18. Rxb4 Nd6 19. Qf4 Rfe8 20. Rab1 Ra7 21. h4 h5
22. g3 Nb8 23. Ne5 Nd7 24. Nd3 Nb8 25. R4b3 Na6 26. Ne5 Nc7 27. Qf3 Ne6 28. Qd1
Nf8 29. Rb4 Nd7 30. Nd3 Qf6 31. Nf4 Qe7 32. Nd3 Qf6 33. Nf4 Qe7 34. Qb3 Nf6 35.
Nd3 Ng4 36. Re1 g5 37. hxg5 Qxg5 38. Qd1 h4 39. Qf3 hxg3 40. Qxg3 Nf5 41. Qf4
Qg6 42. Kh1 Kg7 43. Ne2 Rh8+ 44. Kg1 Ne5+ 45. Ng3 Nxd3 46. Qxf5 Qxf5 47. Nxf5+
Kf6 0-1

[Event "World Rapid 2025"]
[Site "Doha QAT"]
[Date "2025.12.27"]
[Round "7.54"]
[White "Ponomariov, Ruslan"]
[Black "Samadov, Read"]
[Result "1-0"]
[WhiteTitle "GM"]
[BlackTitle "IM"]
[WhiteElo "2639"]
[BlackElo "2510"]
[WhiteFideId "14103320"]
[BlackFideId "13417444"]
[EventDate "2025.12.26"]

1. Nf3 d5 2. b3 Bg4 3. Bb2 Nd7 4. e3 e6 5. h3 Bh5 6. d3 a5 7. a3 h6 8. Nbd2 Ngf6
9. g4 Bg6 10. Rg1 a4 11. b4 c5 12. bxc5 Bxc5 13. h4 Qe7 14. h5 Bh7 15. g5 hxg5
16. Rxg5 Rg8 17. c4 Kf8 18. Qc2 Bd6 19. Be2 e5 20. cxd5 e4 21. Nd4 Nb6 22. Nf5
Bxf5 23. Rxf5 Rc8 24. Qb1 Nbxd5 25. dxe4 Nc3 26. Bxc3 Rxc3 27. Qb2 Qc7 28. e5
Be7 29. exf6 gxf6 30. Bf1 Rg1 31. Rd5 Qc6 32. Qb5 Qe6 33. Qd7 Bxa3 34. Qxe6 fxe6
35. Rb5 Rc1+ 36. Rxc1 Bxc1 37. Nc4 Rg5 38. Rxg5 fxg5 39. Kd1 Bb2 40. Nxb2 a3 41.
Bc4 1-0

[Event "World Rapid 2025"]
[Site "Doha QAT"]
[Date "2025.12.27"]
[Round "7.55"]
[White "Martirosyan, Haik M."]
[Black "Bilguun, Sumiya"]
[Result "1-0"]
[WhiteTitle "GM"]
[BlackTitle "GM"]
[WhiteElo "2625"]
[BlackElo "2442"]
[WhiteFideId "13306553"]
[BlackFideId "4901541"]
[EventDate "2025.12.26"]

1. d4 d5 2. c4 e6 3. Nf3 c6 4. Nbd2 f5 5. g3 Nf6 6. Bg2 Bd6 7. b3 Nbd7 8. Bb2
Ne4 9. O-O Qf6 10. Nxe4 fxe4 11. Ne1 h5 12. f3 e3 13. f4 h4 14. Qd3 hxg3 15.
hxg3 g5 16. fxg5 Qxg5 17. Rf3 Bxg3 18. Qxe3 Qxe3+ 19. Rxe3 Bh2+ 20. Kf1 Nf6 21.
cxd5 cxd5 22. Nd3 Bd6 23. Ne5 Bd7 24. Rc1 Bxe5 25. dxe5 Ne4 26. Rc7 Kd8 27. Rxb7
Nc5 28. Rb4 Rc8 29. Rc3 Rf8+ 30. Bf3 Ne4 31. Rxc8+ Kxc8 32. Bc1 Nc3 33. Ba3 Rf7
34. Rd4 Nb5 35. Ra4 Nxa3 36. Rxa3 Kb7 37. b4 Rf4 38. Rb3 Ba4 39. Rb1 Rf5 40. Kf2
Rxe5 41. Rg1 Kb6 42. Rg7 Bc6 43. Re7 a5 44. bxa5+ Kxa5 45. Kg3 Bb5 46. Kf4 Rf5+
47. Ke3 Bc4 48. Kd4 e5+ 49. Kc5 e4 50. Bxe4 dxe4+ 51. Kxc4 Rf4 52. Kd5 Kb6 53.
Rxe4 Rf5+ 54. Re5 Rf1 55. Re3 Rd1+ 56. Rd3 Re1 57. e4 Kc7 58. e5 Kd7 59. a4 Ra1
60. Rd4 Ra2 61. Rb4 Rd2+ 62. Kc5 Ke6 63. Re4 Ra2 64. Kb5 Kd5 65. Re1 Rb2+ 66.
Ka6 Rb8 67. Ka7 Re8 68. e6 Kc5 69. e7 Kc6 70. a5 Kc7 71. Rc1+ Kd6 72. Re1 Kc7
73. a6 Kc6 74. Rc1+ Kd6 75. Kb6 Rb8+ 76. Ka5 Kxe7 77. a7 Rh8 78. Kb6 Kd6 79. Ra1
Kd5 1-0

[Event "World Rapid 2025"]
[Site "Doha QAT"]
[Date "2025.12.27"]
[Round "7.56"]
[White "Uskov, Artem"]
[Black "Svane, Rasmus"]
[Result "1-0"]
[WhiteTitle "GM"]
[BlackTitle "GM"]
[WhiteElo "2516"]
[BlackElo "2608"]
[WhiteFideId "34254854"]
[BlackFideId "4657101"]
[EventDate "2025.12.26"]

1. e4 e5 2. Nf3 Nc6 3. Bc4 Bc5 4. d3 Nf6 5. a4 d6 6. O-O h6 7. c3 a5 8. Be3 Bxe3
9. fxe3 O-O 10. h3 Ne7 11. Nbd2 Ng6 12. Qe1 Be6 13. Nh4 Nxh4 14. Qxh4 Bxc4 15.
Nxc4 Nd7 16. Qxd8 Rfxd8 17. b4 b6 18. Rfb1 Ra7 19. Kf2 Kf8 20. bxa5 bxa5 21. Rb5
Rda8 22. d4 exd4 23. exd4 c6 24. Rb3 d5 25. Nd6 g6 26. c4 Ke7 27. c5 dxe4 28.
Nxe4 f5 29. Nd6 Kf6 30. Re1 Nf8 31. Rb6 Ne6 32. Rxc6 Nxd4 33. Rb6 Kg5 34. Rd1
Ne6 35. Rd5 Nf4 36. Rd4 Re7 37. h4+ Kg4 38. g3 Re2+ 39. Kf1 Re3 40. gxf4 Ra7 41.
Nc4 Rc3 42. Ke2 Re7+ 43. Kd2 1-0

[Event "World Rapid 2025"]
[Site "Doha QAT"]
[Date "2025.12.27"]
[Round "7.57"]
[White "Xiao, Tong(QD)"]
[Black "Sadhwani, Raunak"]
[Result "0-1"]
[WhiteTitle "GM"]
[BlackTitle "GM"]
[WhiteElo "2555"]
[BlackElo "2638"]
[WhiteFideId "8622388"]
[BlackFideId "35093487"]
[EventDate "2025.12.26"]

1. e4 e5 2. Nf3 Nc6 3. Bb5 a6 4. Ba4 Nf6 5. O-O Be7 6. Re1 b5 7. Bb3 d6 8. c3
O-O 9. h3 Nd7 10. d4 Nb6 11. Be3 Bf6 12. Nbd2 Bb7 13. a3 Re8 14. Ba2 exd4 15.
cxd4 Na5 16. Qc2 Nac4 17. Bf4 Nxd2 18. Bxd2 g6 19. Rad1 Rc8 20. Bf4 Qe7 21. e5
Bxf3 22. gxf3 Bg7 23. Bg3 Qd7 24. Kh2 d5 25. h4 Bf8 26. f4 c5 27. dxc5 Rxc5 28.
Qd3 Rec8 29. Bb1 Qg4 30. f5 Nc4 31. Re2 Bg7 32. Rde1 d4 33. f6 Bf8 34. e6 fxe6
35. Rxe6 Nxb2 36. Qd2 Nc4 37. Qd3 Rd5 38. Rxa6 Bd6 39. Re4 Qf5 40. Rxd4 Qxf2+
41. Kh3 Qxd4 42. Qf3 Bxg3 43. Qxg3 Qe3 44. Qxe3 Nxe3 45. Ra7 Rd6 46. Ba2+ Nc4
47. a4 Rxf6 48. axb5 Kh8 0-1

[Event "World Rapid 2025"]
[Site "Doha QAT"]
[Date "2025.12.27"]
[Round "7.58"]
[White "Moussard, Jules"]
[Black "Isanzhulov, Arystan"]
[Result "1-0"]
[WhiteTitle "GM"]
[BlackTitle "IM"]
[WhiteElo "2600"]
[BlackElo "2419"]
[WhiteFideId "642908"]
[BlackFideId "13711644"]
[EventDate "2025.12.26"]

1. e4 c6 2. d4 d5 3. e5 Qb6 4. a4 a5 5. Nc3 Na6 6. Nf3 Bg4 7. Be2 e6 8. O-O Ne7
9. h3 Bf5 10. Bd3 h5 11. Ne2 c5 12. c3 h4 13. Nf4 Bxd3 14. Qxd3 c4 15. Qc2 Nc7
16. Rb1 Qc6 17. b3 Rb8 18. Ba3 Nf5 19. Bxf8 Rxf8 20. bxc4 dxc4 21. Rfd1 Ne7 22.
Rb2 Rh8 23. Ng5 f5 24. exf6 gxf6 25. Ngxe6 Kf7 26. Nxc7 Qxc7 27. Qe4 Qd6 28. Re1
b6 29. Rbe2 Rbe8 30. Qf3 1-0

[Event "World Rapid 2025"]
[Site "Doha QAT"]
[Date "2025.12.27"]
[Round "7.59"]
[White "Amin, Bassem"]
[Black "Salinas Herrera, Pablo"]
[Result "1-0"]
[WhiteTitle "GM"]
[BlackTitle "GM"]
[WhiteElo "2626"]
[BlackElo "2473"]
[WhiteFideId "10601457"]
[BlackFideId "3407128"]
[EventDate "2025.12.26"]

1. Nf3 d5 2. g3 Bg4 3. Bg2 e6 4. O-O Nf6 5. h3 Bh5 6. c4 c6 7. Qb3 Qb6 8. d3
Nbd7 9. cxd5 exd5 10. Qc2 Be7 11. e4 O-O 12. Nc3 dxe4 13. dxe4 Rfe8 14. Be3 Qa5
15. Nd4 Bb4 16. Nce2 Bg6 17. a3 Bf8 18. f3 Rad8 19. Rfd1 1-0

[Event "World Rapid 2025"]
[Site "Doha QAT"]
[Date "2025.12.27"]
[Round "7.60"]
[White "Quparadze, Giga"]
[Black "Agmanov, Zhandos"]
[Result "0-1"]
[WhiteTitle "GM"]
[BlackTitle "IM"]
[WhiteElo "2502"]
[BlackElo "2471"]
[WhiteFideId "13602250"]
[BlackFideId "13708309"]
[EventDate "2025.12.26"]

1. e4 e6 2. d4 d5 3. Nc3 Nf6 4. e5 Nfd7 5. f4 c5 6. Nf3 Nc6 7. Be3 a6 8. Ne2 Qb6
9. Qc1 Be7 10. c3 O-O 11. g3 a5 12. Bh3 a4 13. f5 cxd4 14. cxd4 a3 15. b3 exf5
16. O-O g6 17. Nf4 Nb4 18. Qd2 Rd8 19. Bg2 Nf8 20. h4 Be6 21. h5 Rac8 22. Ne1 f6
23. exf6 Bxf6 24. g4 Re8 25. hxg6 hxg6 26. gxf5 Bxf5 27. Nxd5 Nxd5 28. Bxd5+ Ne6
29. Ng2 Kh7 30. Rxf5 gxf5 31. Qf2 Ng7 32. Nf4 Rxe3 33. Qh2+ Bh4 34. Qxh4+ Qh6
35. Qxh6+ Kxh6 36. Kf2 Rec3 37. Ne2 Rc2 38. Bxb7 Re8 39. Ba6 Ne6 40. Kf3 Ng5+
41. Kf2 f4 42. Rh1+ Kg7 43. Rh5 Kg6 44. Bd3+ Ne4+ 45. Kf3 Rxe2 46. Bxe2 Kxh5 47.
Kxf4+ Kh6 48. Bb5 Re7 49. d5 Nd6 50. Bd3 Kg7 51. b4 Kf6 52. b5 Rb7 0-1

[Event "World Rapid 2025"]
[Site "Doha QAT"]
[Date "2025.12.27"]
[Round "7.61"]
[White "Iniyan, Pa"]
[Black "Yakubboev, Nodirbek"]
[Result "1/2-1/2"]
[WhiteTitle "GM"]
[BlackTitle "GM"]
[WhiteElo "2598"]
[BlackElo "2691"]
[WhiteFideId "25002767"]
[BlackFideId "14203987"]
[EventDate "2025.12.26"]

1. d4 Nf6 2. c4 e6 3. Nf3 d5 4. g3 c5 5. cxd5 cxd4 6. dxe6 Bxe6 7. Nxd4 Bc5 8.
Be3 Bd5 9. f3 Qb6 10. Qd2 Nc6 11. Nf5 O-O-O 12. Bxc5 Qxc5 13. Qc3 Qb6 14. Nd2
Kb8 15. e4 Rhe8 16. Nxg7 Re5 17. Bd3 Nd4 18. Rc1 Rg5 19. Nf5 Rxf5 20. exf5 Bxf3
21. Nxf3 Nxf3+ 22. Ke2 Nd5 23. Qc5 Nd4+ 24. Kd1 Qxb2 25. Re1 b6 26. Qc4 Nf3 27.
Rc2 Qb1+ 28. Rc1 Qb2 29. Rc2 Qb1+ 30. Rc1 Nc3+ 31. Qxc3 Rxd3+ 32. Ke2 Rxc3 33.
Rxb1 Nxe1 34. Rxe1 Ra3 35. Kd1 Rxa2 36. Re7 Rxh2 37. Rxf7 Kc8 38. Rxa7 Kd8 39.
f6 Ke8 40. Rb7 Rg2 41. Rxh7 Rxg3 42. Rb7 Rg6 43. Rxb6 Kf7 44. Rb7+ Kxf6 45. Rb6+
Kf5 46. Rxg6 Kxg6 1/2-1/2

[Event "World Rapid 2025"]
[Site "Doha QAT"]
[Date "2025.12.27"]
[Round "7.62"]
[White "Raja, Rithvik R"]
[Black "Idani, Pouya"]
[Result "1/2-1/2"]
[WhiteTitle "GM"]
[BlackTitle "GM"]
[WhiteElo "2541"]
[BlackElo "2611"]
[WhiteFideId "35007394"]
[BlackFideId "12510130"]
[EventDate "2025.12.26"]

1. c4 e5 2. g3 d6 3. d4 exd4 4. Qxd4 Nc6 5. Qd2 Be6 6. e4 g6 7. Nc3 Bh6 8. f4
Nf6 9. b3 O-O 10. Bb2 Re8 11. Nge2 a5 12. Bg2 a4 13. Nd5 Bg7 14. O-O Bg4 15.
Nxf6+ Bxf6 16. Bxf6 Qxf6 17. Nc3 axb3 18. Nd5 Qd4+ 19. Qxd4 Nxd4 20. Nxc7 Be2
21. axb3 Bxf1 22. Rxf1 Nxb3 23. Rd1 Nc5 24. Nxe8 Rxe8 25. Rxd6 Nxe4 26. Bxe4
Rxe4 27. Rd7 Rxc4 28. Rxb7 1/2-1/2

[Event "World Rapid 2025"]
[Site "Doha QAT"]
[Date "2025.12.27"]
[Round "7.63"]
[White "Ibarra Jerez, Jose Carlos"]
[Black "Haug, Havard"]
[Result "0-1"]
[WhiteTitle "GM"]
[BlackTitle "FM"]
[WhiteElo "2532"]
[BlackElo "2416"]
[WhiteFideId "2226332"]
[BlackFideId "1547887"]
[EventDate "2025.12.26"]

1. e4 c6 2. Nf3 d5 3. d3 dxe4 4. dxe4 Qxd1+ 5. Kxd1 f6 6. a4 a5 7. Bc4 e5 8.
Nbd2 Bg4 9. h3 Bxf3+ 10. Nxf3 Nd7 11. c3 Bc5 12. Ke2 Ne7 13. Rd1 O-O-O 14. Ne1
Kc7 15. Nd3 Bb6 16. b4 axb4 17. a5 Ba7 18. cxb4 Bd4 19. Rb1 Nc8 20. Ne1 Nd6 21.
Bd3 c5 22. Bd2 c4 23. Rdc1 b5 24. axb6+ Nxb6 25. Nf3 Kb7 26. Bc2 Nb5 27. Nxd4
exd4 28. Bd1 c3 29. Bf4 d3+ 30. Ke3 g5 31. Bg3 Nc4+ 0-1

[Event "World Rapid 2025"]
[Site "Doha QAT"]
[Date "2025.12.27"]
[Round "7.64"]
[White "Volokitin, Andrei"]
[Black "Begmuratov, Khumoyun"]
[Result "1/2-1/2"]
[WhiteTitle "GM"]
[BlackTitle "IM"]
[WhiteElo "2619"]
[BlackElo "2451"]
[WhiteFideId "14107090"]
[BlackFideId "14210207"]
[EventDate "2025.12.26"]

1. e4 e5 2. Nf3 Nc6 3. Bb5 a6 4. Ba4 Nf6 5. O-O d6 6. Re1 Bd7 7. Bxc6 Bxc6 8.
Nc3 Be7 9. d4 exd4 10. Nxd4 O-O 11. e5 dxe5 12. Nxc6 bxc6 13. Rxe5 Bd6 14. Re1
Re8 15. Rxe8+ Qxe8 16. Qe2 Nd5 17. Bd2 Qxe2 18. Nxe2 Be5 19. Rb1 f5 20. c4 Nf6
21. Bc3 Re8 22. Bxe5 Rxe5 23. Kf1 Kf7 24. Rd1 g6 25. Rd8 Ne4 26. b3 Re8 27. Rxe8
Kxe8 28. f3 Ng5 29. Nf4 Kd7 30. Ke2 Kd6 31. Kd3 Nf7 32. Kc3 c5 33. Kb2 Ne5 34.
Ka3 g5 35. Nh3 g4 36. fxg4 Nxg4 37. Ng5 Nxh2 38. Nxh7 Nf1 39. Nf6 Ne3 40. g3 Nf1
41. Nh5 Kc6 42. Kb2 Kd6 43. Kc3 Ke5 44. Kd3 Nh2 45. Nf4 Nf1 46. Nh5 Nh2 47. Ke2
Ng4 48. Nf4 Nf6 49. Ke3 Ne4 50. Nd3+ Kf6 51. Kf4 Nc3 52. Nxc5 Nxa2 53. Nxa6 Nc1
54. b4 c6 55. b5 cxb5 56. cxb5 Ne2+ 57. Ke3 Nc3 58. Nc7 Ke5 59. b6 Kd6 60. Kd3
Na4 61. Nb5+ Ke5 62. Nd4 Nxb6 63. Nxf5 1/2-1/2

[Event "World Rapid 2025"]
[Site "Doha QAT"]
[Date "2025.12.27"]
[Round "7.65"]
[White "Sankalp, Gupta"]
[Black "Hakobyan, Aram"]
[Result "0-1"]
[WhiteTitle "GM"]
[BlackTitle "GM"]
[WhiteElo "2557"]
[BlackElo "2613"]
[WhiteFideId "5097010"]
[BlackFideId "13306677"]
[EventDate "2025.12.26"]

1. Nf3 d5 2. e3 Nf6 3. c4 e6 4. Nc3 Bd6 5. b3 O-O 6. Bb2 Nc6 7. Be2 dxc4 8. bxc4
e5 9. d3 Bf5 10. O-O Re8 11. Nd5 Nd7 12. d4 exd4 13. exd4 Nf6 14. Ne3 Bg6 15.
Qb3 b6 16. Rad1 Na5 17. Qa4 Ng4 18. Bc1 Bh5 19. Rfe1 Bf4 20. Nxg4 Bxc1 21. Nfe5
Bf4 22. Nh6+ Bxh6 23. Bxh5 Re7 24. Bf3 Qe8 25. Qc2 Rd8 26. Kf1 Bf4 27. Qe4 Bxe5
28. dxe5 Rxd1 29. Rxd1 g6 30. Qh4 Rxe5 31. g3 Qe7 32. Qd4 Qf6 33. Kg2 Kg7 34.
Rd3 Rc5 35. Qxf6+ Kxf6 36. Bd5 Kg7 37. Rf3 f5 38. Re3 c6 39. Bf3 Kf7 40. Rd3 Ke7
41. Re3+ Kf6 42. Rd3 Nxc4 43. Rd7 Ra5 44. Rxh7 Rxa2 45. Bxc6 Ne3+ 46. Kh3 Rxf2
47. Rxa7 g5 48. g4 Nxg4 49. Rb7 Rxh2+ 50. Kg3 Rb2 51. Bd5 Ne5 0-1

[Event "World Rapid 2025"]
[Site "Doha QAT"]
[Date "2025.12.27"]
[Round "7.66"]
[White "Galaviz Medina, Sion Radamantys"]
[Black "Nogerbek, Kazybek"]
[Result "1/2-1/2"]
[WhiteTitle "IM"]
[BlackTitle "GM"]
[WhiteElo "2514"]
[BlackElo "2539"]
[WhiteFideId "5123119"]
[BlackFideId "13710427"]
[EventDate "2025.12.26"]

1. d4 Nf6 2. c4 e6 3. Nc3 d5 4. cxd5 exd5 5. Bg5 Be7 6. e3 h6 7. Bh4 Bg4 8. Qc2
O-O 9. Bd3 c5 10. h3 Be6 11. dxc5 d4 12. exd4 Qxd4 13. Nf3 Qxc5 14. O-O Nc6 15.
a3 Rac8 16. Rac1 Nd4 17. Nxd4 Qxd4 18. Bg3 Nh5 19. Bh2 Bd6 20. Bxd6 Qxd6 21. Qd1
Rfd8 22. Qxh5 Qxd3 23. Rfd1 Qc4 24. Rxd8+ Rxd8 25. Rd1 Rc8 26. Qe5 a6 27. Kh2
Qc7 28. Qxc7 Rxc7 29. Rd8+ Kh7 30. Rd6 g5 31. Rb6 Kg7 32. Kg3 Rd7 33. Na4 Bd5
34. Nc5 Rc7 35. b4 Bc6 36. h4 gxh4+ 37. Kh3 Re7 38. f3 Re2 39. Nxb7 Bxb7 40.
Rxb7 Ra2 41. Ra7 Rxa3 42. b5 a5 43. Kxh4 a4 44. b6 Rb3 45. b7 a3 46. f4 a2 47.
Rxa2 Rxb7 48. Ra3 Rb5 49. Rg3+ Kf6 50. Rg8 Rb1 51. Kg4 Ra1 52. Rb8 Rg1 53. Rb2
Ra1 54. Rb3 Rg1 55. Rg3 Kg6 56. Kh4+ Kf5 57. Rg7 Kf6 58. Rg8 1/2-1/2

[Event "World Rapid 2025"]
[Site "Doha QAT"]
[Date "2025.12.27"]
[Round "7.67"]
[White "Droin, Augustin"]
[Black "Pranav, Anand"]
[Result "0-1"]
[WhiteTitle "IM"]
[BlackTitle "GM"]
[WhiteElo "2480"]
[BlackElo "2591"]
[WhiteFideId "45105987"]
[BlackFideId "46626786"]
[EventDate "2025.12.26"]

1. e4 c5 2. Nf3 d6 3. d4 cxd4 4. Nxd4 Nf6 5. Nc3 a6 6. h3 e5 7. Nde2 h5 8. g3
Be7 9. Bg2 Nbd7 10. Be3 b5 11. a4 b4 12. Nd5 Nxd5 13. Qxd5 Rb8 14. a5 O-O 15.
O-O Qc7 16. Rfc1 Rb5 17. Qa2 Nc5 18. c4 Rb8 19. b3 Qc6 20. Qc2 Bb7 21. f3 h4 22.
g4 Qc7 23. Rd1 Ba8 24. Nc1 Ne6 25. Nd3 Bg5 26. Bxg5 Nxg5 27. Qf2 Qe7 28. Ra4 Ne6
29. f4 exf4 30. Ra2 Qf6 31. e5 dxe5 32. Bxa8 Rxa8 33. Nxb4 e4 34. Nd5 Qg5 35.
Qc2 f5 36. Kh1 Rae8 37. Rg1 f3 38. gxf5 Qxf5 39. Qc3 Rf7 40. Ne3 Qh5 41. Rf2 Nf4
42. Rg4 Nxh3 43. Rf1 f2 44. Qd2 Rf3 45. Qd7 Qf7 46. Qd4 Rg3 47. Rxh4 Ng5 48. Qd5
Rg1+ 0-1

[Event "World Rapid 2025"]
[Site "Doha QAT"]
[Date "2025.12.27"]
[Round "7.68"]
[White "Vokhidov, Shamsiddin"]
[Black "Piliposyan, Robert"]
[Result "0-1"]
[WhiteTitle "GM"]
[BlackTitle "IM"]
[WhiteElo "2641"]
[BlackElo "2442"]
[WhiteFideId "14204223"]
[BlackFideId "13309978"]
[EventDate "2025.12.26"]

1. e4 e5 2. Nf3 Nc6 3. Bb5 a6 4. Ba4 Be7 5. d3 d6 6. c3 f5 7. Bb3 h5 8. a4 f4 9.
d4 g5 10. dxe5 dxe5 11. Bd5 Nf6 12. Bxc6+ bxc6 13. Qxd8+ Bxd8 14. Nxe5 Nxe4 15.
Nd2 Nxd2 16. Bxd2 Bf6 17. O-O-O O-O 18. Rde1 Re8 19. Nd3 Bf5 20. Nc5 Kf7 21. g3
Be7 22. Ne4 fxg3 23. fxg3 Kg6 24. h4 Bxe4 25. Rxe4 Bd6 26. Rc4 g4 27. Rxc6 Kf6
28. Rf1+ Ke6 29. Rc4 Bxg3 30. Rc5 Rh8 31. Bg5 Raf8 32. Rd1 Bd6 33. Rc4 Rf2 34.
Re4+ Kd7 35. Re7+ Kc8 36. Rg7 Re8 37. Rd2 g3 38. Kc2 Ree2 39. Rxe2 Rxe2+ 40. Kd3
Rxb2 41. Be3 Rh2 42. c4 Rxh4 43. c5 Be5 44. Rg5 Bf4 45. Bxf4 Rxf4 46. Rxg3 Rxa4
47. Rg6 Kb7 48. Rh6 h4 49. Kc3 Rg4 50. Kb3 a5 51. Ka3 Rb4 52. Ka2 c6 53. Ka3 Rg4
54. Kb3 Ka6 55. Rxc6+ Kb5 56. Rc8 h3 57. Rh8 Rg3+ 58. Kb2 Kxc5 59. Rh4 Kd5 60.
Kc2 Rg2+ 61. Kb3 h2 62. Rh8 Ke4 63. Kc3 Ke5 0-1

[Event "World Rapid 2025"]
[Site "Doha QAT"]
[Date "2025.12.27"]
[Round "7.85"]
[White "Klukin, Kirill"]
[Black "Grebnev, Aleksey"]
[Result "1/2-1/2"]
[WhiteTitle "IM"]
[BlackTitle "GM"]
[WhiteElo "2414"]
[BlackElo "2632"]
[WhiteFideId "24199273"]
[BlackFideId "34189030"]
[EventDate "2025.12.26"]

1. d4 Nf6 2. c4 e6 3. Nc3 Bb4 4. e3 O-O 5. Bd3 d5 6. a3 dxc4 7. Bxc4 Bd6 8. Nf3
Nc6 9. O-O e5 10. h3 Bd7 11. b4 a6 12. Qc2 exd4 13. exd4 Qc8 14. Ne4 Nxe4 15.
Qxe4 Bf5 16. Qh4 Qd7 17. Re1 Rae8 18. Bb2 Rxe1+ 19. Rxe1 Re8 20. Rxe8+ Qxe8 21.
Qg5 Bg6 22. Ne5 Nxe5 23. dxe5 Be7 24. Qg4 b5 25. Bb3 c5 26. bxc5 Qc6 27. e6 fxe6
28. Qxe6+ Qxe6 29. Bxe6+ Bf7 30. Bc8 Bxc5 31. Bxa6 Be8 32. Kf1 b4 33. Bc4+ Kf8
34. axb4 Bxb4 35. f4 Bd6 36. Be5 Bxe5 37. fxe5 Ke7 38. Kf2 h6 39. Ke3 Bc6 40. g3
Bd7 41. h4 Bc8 42. Kf4 Bd7 43. g4 Ba4 44. Bd3 Bb3 45. g5 hxg5+ 46. Kxg5 Ke6 47.
Kf4 Ke7 48. Bf5 Bf7 49. Kg5 Be8 50. e6 Kf8 51. h5 Ke7 52. Bg4 Kd6 53. Bh3 Ke7
54. Bf5 Bb5 55. Bg4 Bd3 56. Bf5 Be2 57. Kg6 Bd1 1/2-1/2

[Event "World Rapid 2025"]
[Site "Doha QAT"]
[Date "2025.12.27"]
[Round "7.86"]
[White "Sahidi, Samir"]
[Black "Ibrahimli, Murad"]
[Result "0-1"]
[WhiteTitle "IM"]
[BlackTitle "IM"]
[WhiteElo "2516"]
[BlackElo "2438"]
[WhiteFideId "14936372"]
[BlackFideId "13410229"]
[EventDate "2025.12.26"]

1. e4 e5 2. Nf3 Nc6 3. Bb5 a6 4. Ba4 Nf6 5. d3 b5 6. Bb3 Bc5 7. c3 d6 8. O-O O-O
9. Re1 h6 10. Nbd2 Bb6 11. Nf1 Na5 12. Bc2 c5 13. h3 Nc6 14. Ng3 Nh7 15. Be3 Re8
16. Bb3 Be6 17. Bxe6 fxe6 18. a4 Nf6 19. Qb3 Na5 20. Qc2 Qc7 21. axb5 axb5 22.
b4 cxb4 23. Bxb6 Qxb6 24. cxb4 Nc6 25. Qb3 Rxa1 26. Rxa1 Kh7 27. Rc1 Nd7 28. Ne2
Ndb8 29. Qc3 Rc8 30. Qd2 Na6 31. d4 Rd8 32. dxe5 Nxe5 33. Ned4 Nc4 34. Qc3 d5
35. exd5 Rxd5 36. Re1 Nc7 37. Nb3 Qd6 38. Nc5 Kg8 39. Qa1 e5 40. Qb1 Qd8 41. Qf5
Rd1 42. Rxd1 Qxd1+ 43. Kh2 Qd6 44. Ne4 Qe7 45. Qc8+ Kh7 46. Qb7 Qd7 47. Nc5 Qd6
48. Qe4+ Kg8 49. Nh4 Qd4 50. Nf5 Qxe4 51. Nxe4 Kf7 52. Nc3 Kf6 53. Ng3 Nd6 54.
Nge2 Ke6 55. Nc1 Nd5 56. N1a2 e4 57. Kg3 Nxc3 58. Nxc3 Ke5 59. Kg4 Kd4 60. Nd1
Kc4 61. Kh5 Kxb4 62. Kg6 Kb3 63. Ne3 Kc3 64. Kxg7 Kd3 65. Nd5 Ke2 66. Kxh6 Kxf2
67. g4 e3 68. g5 Kf3 69. Nb4 e2 70. Nd3 b4 71. g6 Ke3 72. Nxb4 Kd2 73. g7 Nf5+
74. Kg6 Nxg7 75. Kxg7 e1=Q 76. Nd5 Qh4 0-1